A history of medicine / Volume 2 (Record no. 207)

000 -LEADER
fixed length control field 01154cam a22003135a 4500
001 - CONTROL NUMBER
control field 3377715
003 - CONTROL NUMBER IDENTIFIER
control field OSt
005 - DATE AND TIME OF LATEST TRANSACTION
control field 20210417113340.0
008 - FIXED-LENGTH DATA ELEMENTS--GENERAL INFORMATION
fixed length control field 871201m19879999nyua 000 0 eng
010 ## - LIBRARY OF CONGRESS CONTROL NUMBER
LC control number 87410176
020 ## - INTERNATIONAL STANDARD BOOK NUMBER
International Standard Book Number 0195007395 (pbk. : vol. 1)
020 ## - INTERNATIONAL STANDARD BOOK NUMBER
International Standard Book Number 0195050797 (pbk. : vol. 2)
040 ## - CATALOGING SOURCE
Original cataloging agency DLC
Transcribing agency DLC
Modifying agency DLC
050 00 - LIBRARY OF CONGRESS CALL NUMBER
Classification number IN PROCESS RECORD
080 ## - UNIVERSAL DECIMAL CLASSIFICATION NUMBER
Universal Decimal Classification number 61 (09)
Item number S-59
100 1# - MAIN ENTRY--PERSONAL NAME
Personal name Sigerist, Henry E.
Fuller form of name (Henry Ernest),
Dates associated with a name 1891-1957.
245 12 - TITLE STATEMENT
Title A history of medicine / Volume 2
Statement of responsibility, etc. Henry E. Sigerist.
260 ## - PUBLICATION, DISTRIBUTION, ETC.
Place of publication, distribution, etc. New York :
Name of publisher, distributor, etc. Oxford University Press,
Date of publication, distribution, etc. 1987-
300 ## - PHYSICAL DESCRIPTION
Extent v. <1 >: 352 p.
Other physical details ill. ;
Dimensions 21 cm.
440 #0 - SERIES STATEMENT/ADDED ENTRY--TITLE
Title Publication / Historical Library, Yale Medical Library ;
Volume/sequential designation no. 27
650 ## - SUBJECT ADDED ENTRY--TOPICAL TERM
Source of heading or term Medicine
650 ## - SUBJECT ADDED ENTRY--TOPICAL TERM
Source of heading or term History of Medicine
653 ## - INDEX TERM--UNCONTROLLED
Uncontrolled term მედიცინა
653 ## - INDEX TERM--UNCONTROLLED
Uncontrolled term მედიცინის ისტორია
856 42 - ELECTRONIC LOCATION AND ACCESS
Materials specified Publisher description
Uniform Resource Identifier <a href="http://www.loc.gov/catdir/enhancements/fy0603/87410176-d.html">http://www.loc.gov/catdir/enhancements/fy0603/87410176-d.html</a>
856 41 - ELECTRONIC LOCATION AND ACCESS
Materials specified Table of contents only
Uniform Resource Identifier <a href="http://www.loc.gov/catdir/enhancements/fy0603/87410176-t.html">http://www.loc.gov/catdir/enhancements/fy0603/87410176-t.html</a>
906 ## - LOCAL DATA ELEMENT F, LDF (RLIN)
a 0
b ibc
c orignew
d 2
e ncip
f 19
g y-gencatlg
942 ## - ADDED ENTRY ELEMENTS (KOHA)
Source of classification or shelving scheme
Koha item type Books
Holdings
Withdrawn status Lost status Source of classification or shelving scheme Damaged status Not for loan Permanent location Current location Date acquired Inventory number Full call number Barcode Date last seen Price effective from Koha item type
          Ken Walker International University Ken Walker International University 11/12/2020 295 61 (09) S-59 295 11/12/2020 11/12/2020 Books

Powered by Koha